| 000 | 00534nam a2200181 i 4500 | ||
|---|---|---|---|
| 001 | 20601 | ||
| 003 | ES-MaACL | ||
| 007 | t| | ||
| 008 | 021114s1872 ddr ||||1| eng d | ||
| 100 | 1 |
_aAïde, Hamilton. _918960 |
|
| 245 | 1 | 0 |
_aMorals and mysteries / _cby Hamilton Aïde. |
| 260 |
_aLeipzig : _bBeruhard Tauchuik, _c1872. |
||
| 300 |
_a320 p. ; _c16 cm. |
||
| 490 | 1 |
_aCollection of British authors ; _v1218 |
|
| 830 | 0 |
_aCollection of British authors ; _v1218 _9180703 |
|
| 852 |
_aES-MaACL _jG-12222 |
||
| 999 |
_c20601 _d20601 |
||